| 000 | 01140njm a22002777a 4500 | ||
|---|---|---|---|
| 005 | 20100910144433.0 | ||
| 007 | sd ammalaaahaa | ||
| 008 | 100901t xxu||||| |||| 00| 0 hin d | ||
| 028 |
_aN.75050 _bHis Master's Voice |
||
| 028 |
_aOJE.27654 _bHis Master's Voice |
||
| 035 | _aGR-01819 | ||
| 040 | _aSED/VEN | ||
| 100 |
_917815 _aMangeshkar, Lata |
||
| 245 |
_aRahgir / _cby Lata Mangeshkar, Asha Bhosle & Usha Mangeshkar : music by Hemant Kumar _h[sound recording] : _bHindustani |
||
| 246 | _aराहगीर (लता मंगेशकर, आशा भोसले & उषा मंगेशकर) | ||
| 260 |
_aDum Dum, India _bHis Master's Voice _c1968 |
||
| 300 |
_a1 sound disc : _banalog, 33 1/3 rpm _c10 in. |
||
| 500 | G | _aBrief record | |
| 505 | _aSide-1 Bairi aanchal, (बैरी आँचल), Side-2 Daiya kasam (दईया कसम) | ||
| 650 |
_aClassical music _xExcerpts _zIndia _917813 |
||
| 700 |
_918219 _aBhosle, Asha |
||
| 700 |
_918220 _aMangeshkar, Usha |
||
| 700 |
_919343 _aHemant Kumar |
||
| 942 |
_2ddc _cGR |
||
| 999 |
_c45171 _d45171 |
||